000
00236nam a22001217a 4500
003
SGT
082
_a
340
_b
UNI
100
_a
UNILEX
245
_a
LAND LAWS IN HARYANA
260
_a
DELHI
_b
UNILEX
_c
2025
300
_a
630
942
_2
ddc
_c
BK
999
_c
32355
_d
32355